000 003400000a22001570004500
003 LK-CoMWRAF
008 230817t ||||| |||| 00| 0 eng d
020 _a
040 _aLK-CoMWRAF
_dLK-CoMWRAF
_eLK-CoMWRAF
041 _aeng
245 _aPravatham
_b
260 _aColombo
_bSSA
_c2002
300 _ap.166
490 _aNo-1
942 _cBK
999 _c399
_d399